5 pays aléatoires sur une carte d'Europe - Statistiques

Statistiques générales
  • Ce quiz a été pris 320 fois
  • Le résultat moyen est 5 sur 5
Réponses sur la Carte
Les réponses sont colorées sur une échelle allant du rouge au vert en fonction du pourcentage des utilisateurs qui les ont devinées à leur premier essai. Vous pouvez retrouver ces pourcentages ci-dessous.
 
Statistiques - réponses
Pays % Correct
Albanie
100%
Allemagne
100%
Andorre
100%
Belgique
100%
Danemark
100%
Espagne
100%
Finlande
100%
France
100%
Irlande
100%
Italie
100%
Luxembourg
100%
Norvège
100%
Pays-Bas
100%
Pologne
100%
Portugal
100%
Roumanie
100%
Royaume-Uni
100%
Russie
100%
Suède
100%
Suisse
100%
Estonie
96%
Grèce
96%
Lituanie
96%
Malte
96%
Ukraine
96%
Autriche
95%
Islande
95%
Saint-Marin
95%
Biélorussie
94%
Croatie
94%
Lettonie
94%
Vatican
94%
Macédoine du Nord
88%
Hongrie
86%
Liechtenstein
86%
Slovénie
86%
Monaco
84%
République tchèque
84%
Kosovo
83%
Bulgarie
82%
Monténégro
80%
Serbie
78%
Slovaquie
78%
Moldavie
77%
Bosnie-Herzégovine
76%
Aucun quiz correspondant
Distribution des résultats
% des personnes avec chaque résultat
Percentile par nombre de réponses
Votre historique - résultats
Vous n’avez pas pris ce quiz